John Webster : la duquesa de Malfi / traducció de Rosa-Victòria Gras la duquesa de Malfi / traducció de Rosa-Victòria Gras
Descripción Física:
263 p. ; 22 cm
Otros Autores:
Gras, Rosa-Victòria, 1933-2025
Materias:
Webster, John -- Teatre
MARC
| LEADER | 00000nam a2200000Ia 4500 | ||
|---|---|---|---|
| 001 | 20773 | ||
| 008 | 160829s2008 xx 000 0 cat d | ||
| 080 | |a L-2-100 | ||
| 245 | |a John Webster : |b la duquesa de Malfi / traducció de Rosa-Victòria Gras | ||
| 260 | |a Barcelona : |b Associació d'Investigació i Experimentació Teatral, |c 2008 | ||
| 300 | |a 263 p. ; |c 22 cm | ||
| 590 | |a Número monogràfic de la revista: Assaig de teatre : revista de l'Associació d'Investigació i Experimentació Teatral, Núm. 65 (juny. 2008). | ||
| 590 | |a Notes, referències bibliogràfiques | ||
| 650 | |a Webster, John |x Teatre |9 38649 | ||
| 700 | 1 | |a Gras, Rosa-Victòria, |d 1933-2025 |e traductora |9 34929 | |
| 710 | 2 | |a Associació d'Investigació i Experimentació Teatral (Barcelona, Catalunya) |9 55513 | |
| 901 | |a Arxiu | ||
| 942 | |n 1 |2 udc | ||
| 952 | |0 0 |1 0 |4 0 |6 L2100 |7 1 |9 48515 |a Arxiu |b Arxiu |d 2016-12-01 |l 0 |o L-2-100 |p 20773 |r 2016-12-01 00:00:00 |w 2016-12-01 |y ARXIU | ||
| 999 | |c 52344 |d 52344 | ||